000 00961nam a2200229 i 4500
001 27907
003 ES-MaACL
005 20230921101142.0
007 t|
008 030115s1953 sp ||||1| spa d
100 1 _aBacaicoa Arnáiz, Dora.
_924431
245 1 0 _aInventario Provisional de la Hemeroteca del Protectorado /
_cRedactado por Dora Bacaicoa Arnáiz ; con la colaboración de Manuel Requena Córdoba.
260 _aTetuán :
_bEditorial Marroquí,
_c1953 (
_fCremades)
300 _a291 p. ;
_c29 cm.
500 _aPrecede al tít.: Alta Comisaría de España en Marruecos. Dirección de Archivos y Bibliotecas del Protectorado.
650 4 _aPeriódicos-
_zMarruecos (Protectorado Español)
_9154884
700 1 _aRequena Córdoba, Manuel.
_996298
710 2 _aMarruecos (Protectorado Español).
_bDirección de Archivos y Bibliotecas.
_95654
852 _aES-MaACL
_jC-7479
_bR.34484
_928968
942 _2udc
999 _c27907
_d27907